Meilleurs clubs de football européens - Statistiques

Statistiques générales
  • Ce quiz a été pris 395 fois
  • Le résultat moyen est 13 sur 20
Statistiques - réponses
# Équipe Points % Correct
2. Real Madrid 119,000
99%
3. Bayern Munich 108,000
97%
6. Paris Saint-Germain 85,000
94%
1. Manchester City 123,000
90%
10. Inter Milan 76,000
85%
4. Liverpool 96,000
85%
8. Borussia Dortmund 79,000
83%
14. Manchester United 70,000
80%
9. Chelsea 79,000
77%
19. Arsenal 62,000
74%
17. Atletico Madrid 67,000
72%
15. Benfica 69,000
52%
12. Porto 70,000
52%
11. Bayer Leverkusen 72,000
48%
5. Roma 90,000
46%
18. Barcelona 67,000
35%
13. Leipzig 70,000
34%
20. Atalanta 61,000
26%
7. Villareal 82,000
17%
16. West Ham United 69,000
13%
Aucun quiz correspondant
Distribution des résultats
% des personnes avec chaque résultat
Percentile par nombre de réponses
Votre historique - résultats
Vous n’avez pas pris ce quiz